NBA Top 20 All Time Assist Leaders - Statistics

General Stats
  • This quiz has been taken 50 times
  • The average score is 12 of 20
Answer Stats
Hint Assists Answer % Correct
1 15,806 John Stockton
100%
4 10,905 Lebron James
100%
3 11,798 Chris Paul
90%
7 10,141 Magic Johnson
90%
2 12,091 Jason Kidd
88%
15 7,515 James Harden
86%
9 9,418 Russell Westbrook
86%
5 10,335 Steve Nash
78%
8 9,887 Oscar Robertson
61%
10 9,061 Isiah Thomas
59%
14 7,584 Rajon Rondo
59%
20 7,036 Tony Parker
47%
12 8,524 Andre Miller
43%
11 8,966 Gary Payton
41%
19 7,095 Tim Hardaway
39%
6 10,334 Mark Jackson
37%
17 7,211 Lenny Wilkens
18%
13 7,987 Rod Strickland
16%
16 7,392 Maurice Cheeks
12%
18 7,160 Terry Porter
10%
No matching quizzes found
Score Distribution
Percent of People with Each Score
Percentile by Number Answered
Your Score History
You have not taken this quiz